Statistics for Dear Evan Hansen - Requiem

Click here to take the quiz!

General Stats

  • This quiz has been taken 35 times
  • The average score is 39 of 51

Answer Stats

HintAnswer% Correct
OhDon't the
92%
I could give in to all of theGloom
92%
I will sing noRequiem tonight
92%
I will sing noRequiem tonight
92%
Such a great son andWonderful friend
92%
Leaving these broken piecesBehind you
88%
Fall apartFor you
88%
Why should I go and fall apartFor you
88%
Why should I play thisgame of pretend
88%
Tears justPour
88%
I will sing no requiemTonight
88%
Don't tell me that it wasn'tBlack and White
84%
Why should I have aHeavy heart
84%
And lieSaying that I miss you
84%
Remembering through aSecond hand sorrow
84%
There in my bedStill sobbing tomorrow
84%
I gave you the world and youThrew it away
84%
No one lights aCandle to remember
80%
HeavyHeart
80%
I could curl up andHide in my room
80%
So, don't tell me that I didn't haveIt right
80%
Why should I say i'llKeep you with me
80%
That IKnew
80%
That you were not theMonster
80%
WhyShould I play the grieving girl
80%
And that my world has goneDark
76%
After all you put me throughDon't say it wasn't true
76%
When they lay themDown to sleep
76%
Why should IGo and
76%
Within these wordsI finally find you
76%
Grieving girl andLie
76%
Saying that IMiss You
76%
Everything wastedNothing to say
76%
And now that I knowThat you are still here
76%
The Kingdoms neverWeep
76%
No, no one mournsAt all
72%
Why should I start toBreak in pieces
72%
I hear your voice andfeel you near
72%
Why shouldI have a
72%
Dark without yourLight
72%
But tell meTell me what for
72%
And that my whole world hasGone dark without your light
68%
Why should i play theGrieving girl and lie
64%
I will singNo Requiem
64%
I willSing no requiem
64%
Cause ICannot play the
60%
Saying that I miss youAnd that my world has gone
56%
Cause when theVillains fall
56%
Oh oh ohOh
52%
I willSing no requiem tonight
52%
So ICan sing no requiem
32%

Score Distribution

Percentile by Number Answered

Percent of People with Each Score

Your Score History

You have not taken this quiz